| 000 | 00514nam a2200169 i 4500 | ||
|---|---|---|---|
| 001 | 121940 | ||
| 003 | ES-MaACL | ||
| 005 | 20230906191855.0 | ||
| 007 | t| | ||
| 008 | 070214s1963 sp r ||||1| spa d | ||
| 100 | 1 |
_aPoch Viñals, Rosendo ( _d1913-1986) _992699 |
|
| 245 | 1 | 0 |
_aPatología disontogénica faringocervical / _cR. Poch Viñals. |
| 260 |
_aMadrid : _bPaz Montalvo, _c1963. |
||
| 300 |
_a93 p. : _bil. ; _c24 cm. |
||
| 650 | 4 |
_aFaringe- _xEnfermedades. _9169066 |
|
| 852 |
_aES-MaACL _jC-24135 _bR.53144 |
||
| 999 |
_c121940 _d121940 |
||